[Event "SCO-ch 125th"]
[Site "Paisley"]
[Date "2018.07.10"]
[Round "4"]
[White "Smith, Callum"]
[Black "Harvey, Steven David"]
[Result "1/2-1/2"]
[WhiteElo "1852"]
[BlackElo "1769"]
[PlyCount "56"]
[EventDate "2018.07.07"]
[EventType "swiss"]
[EventRounds "9"]
[EventCountry "SCO"]
[SourceTitle "CBM 185 Extra"]
[Source "ChessBase"]
[SourceDate "2018.07.29"]
[SourceVersion "1"]
[SourceVersionDate "2018.07.29"]
[SourceQuality "1"]

1. e4 c5 2. c3 e6 3. d4 cxd4 4. cxd4 Bb4+ 5. Bd2 Bxd2+ 6. Qxd2 d6 7. Nf3 Ne7 8. Nc3 0-0 9. Be2 Nd7 10. 0-0 a6 11. Rfe1 b5 12. Rac1 Bb7 13. Bd3 Ng6 14. Qe3 Rc8 15. e5 Bxf3 16. gxf3 dxe5 17. Bxg6 hxg6 18. dxe5 b4 19. Na4 Rxc1 20. Rxc1 Qa5 21. Nc5 Nxc5 22. Qxc5 Qxa2 23. Qxb4 Qd5 24. Qc3 Qb5 25. Rd1 Rb8 26. Rd2 Qb7 27. Qd3 Qb5 28. Qd4 Qb7 1/2-1/2

[Event "Ayr op"]
[Site "Ayr"]
[Date "2018.05.27"]
[Round "4"]
[White "Malkin, Kenneth"]
[Black "Harvey, Steven David"]
[Result "1-0"]
[WhiteElo "1917"]
[BlackElo "1852"]
[PlyCount "53"]
[EventDate "2018.05.25"]
[EventType "swiss"]
[EventRounds "5"]
[EventCountry "SCO"]
[SourceTitle "CBM 184 Extra"]
[Source "ChessBase"]
[SourceDate "2018.06.28"]
[SourceVersion "1"]
[SourceVersionDate "2018.06.28"]
[SourceQuality "1"]

1. e4 c5 2. Nc3 Nc6 3. f4 e6 4. Nf3 d5 5. Bb5 a6 6. Bxc6+ bxc6 7. e5 Ne7 8. d3 Nf5 9. 0-0 Be7 10. b3 0-0 11. Na4 a5 12. Re1 Ba6 13. c4 dxc4 14. dxc4 Qc7 15. Qe2 Rfd8 16. Be3 Nd4 17. Qf2 Rd7 18. Nxd4 cxd4 19. Bxd4 Rxd4 20. Qxd4 c5 21. Qe3 Bb7 22. Rad1 Qc6 23. Re2 Rd8 24. Rxd8+ Bxd8 25. Qd3 Be7 26. Rd2 h5 27. Nc3 1-0